000 004950000a22001810004500
003 MACL
005 20160205173726.0
008 160205b xxu||||| |||| 00| 0 eng d
040 _aMACL
_cMACL
041 _aHindi
082 _a100
100 _aरजनशि आचार्य
_937008
245 _aपथ के प्रदीप
260 _bअवन्‍घ्‍याचल
_c1969
_aछतरपूर
350 _a4
650 _aPhilosophy
_937009
942 _cHIN
_k100
_2ddc
999 _c26399
_d26399